000 009440000a22002170004500
020 _a0-87620-198-2
041 0 _aENG
082 0 4 _aG 150.1943 N828c
100 1 _aNord, Walter (Editor)
245 1 0 _aConcepts and controversy in organizational behavior / Walter R. Nord, Editor
260 _aPacific Palisades, California, USA : Goodyear Publishing
300 _a599 Pag.
501 _aRústico
505 0 0 _aEl comportamiento del individuo y de la organización -- El aprendizaje y el desarrollo de la personalidad -- La disfunción en las organizaciones formales -- La psicología social en el comportamiento de la organización -- El comportamiento del grupo -- La comunicación en la organización
650 1 4 _aCONDUCTA (PSICOLOGIA) \ SOCIOLOGIA - ORGANIZACIONAL \ ADMINISTRACION
001 837
942 _cBK
999 _c32268
_d32268
336 _atexto
_btxt
_2rdacontent
337 _2rdamedia
_asin mediación
_bn
338 _2rdacarrier
_avolumen
_bnc